Detalles MARC
| 000 -CABECERA |
| Longitud fija campo de control |
02374nam a2200361Ia 4500 |
| 005 - • FECHA Y HORA DE LA ÚLTIMA TRANSACCIÓN |
| Fecha y hora de la última transacción |
20220317001431.0 |
| 008 - • CÓDIGOS DE INFORMACIÓN DE LONGITUD FIJA |
| Códigos de información de longitud fija |
161108s2007 mx g 000 0 s |
| 020 ## - • NÚMERO INTERNACIONAL NORMALIZADO PARA LIBROS |
| Número Internacional Normalizado para Libros (ISBN) |
9789681684532 |
| 082 04 - • NÚMERO DE LA CLASIFICACIÓN DECIMAL DEWEY |
| Número de clasificación (R) |
028.5 |
| Número del ítem |
C31d |
| 040 ## - FUENTE DE LA CATALOGACIÓN |
| Centro catalogador de origen |
CO-BoRNBP |
| Lengua de catalogación |
spa |
| Normas de descripción |
rda |
| Centro transcriptor |
CO-BoRNBP |
| 100 1# - • PUNTO DE ACCESO PRINCIPAL-NOMBRE DE PERSONA |
| Nombre de persona |
Chambers, Aidan |
| Fechas asociadas al nombre |
1934- |
| 245 10 - • TITULO PROPIAMENTE DICHO |
| Título |
Dime |
| Resto del título |
los niños, la lectura y la conversación |
| Mención de responsabilidad, etc. |
Aidan Chambers ; traducción de Ana Tamarit Amieva |
| 250 ## - • MENCIÓN DE EDICIÓN |
| Mención de edición |
1a. edición, 3a reimpresión |
| 264 ## - PRODUCCIÓN, PUBLICACIÓN , DISTRIBUCIÓN, FABRICACIÓN Y COPYRIGHT |
| Lugar de producción, publicación, distribución, fabricación |
México |
| Nombre del productor, editor, distribuidor, fabricante |
Fondo de Cultura Económica |
| Fecha de de producción, publicación, distribución, fabricación o copyright |
2007 |
| 300 ## - • DESCRIPCIÓN FÍSICA |
| Extensión |
171 páginas |
| Dimensiones |
21 cm |
| 336 ## - TIPO DE CONTENIDO |
| Término de tipo de contenido |
texto |
| Código de tipo de contenido |
txt |
| Fuente |
rdacontent |
| 337 ## - TIPO DE MEDIO |
| Nombre del tipo de medio |
sin mediación |
| Código del tipo de medio |
n |
| Fuente |
rdamedia |
| 338 ## - TIPO DE SOPORTE |
| Nombre del tipo de soporte |
volumen |
| Código del tipo de soporte |
nc |
| Fuente |
rdacarrier |
| 490 ## - • MENCIÓN DE SERIE |
| Mención de serie |
Espacios para la lectura |
| 504 ## - • NOTA DE BIBLIOGRAFÍA, ETC |
| Nota de bibliografía, etc. |
Incluye bibliografía e índice |
| 505 ## - • NOTA DE CONTENIDO CON FORMATO |
| Nota de contenido con formato |
Los inicios de "Dime" -- Tres situaciones compartidas -- Cuatro modos de habla -- {BF}Son críticos los niños? -- Los niños como críticos -- Comunicar honorablemente -- {BF}Por qué "Dime"? -- {BF}Que significa? -- {BF}Cómo lo sabes? -- La lectura del texto |
| 520 ## - • NOTA DE RESUMEN |
| Resumen, etc, |
Esta obra es una propuesta, que ofrece información práctica sobre la conversación literaria en las aulas de clase, explicando algunos de los procesos involucrados en la lectura y la conversación sobre los libros, y bosquejando las reglas básicas establecidas por quienes lo han puesto en marcha con éxito. De su experiencia se ha formulado una estructura, "un repertorio de preguntas que ayuda a los lectores a hablar de sus lecturas", una herramienta a través de la cual los profesores pueden ayudar a quienes se inician en la lectura a compartirla con otros lectores y, juntos, construir, disfrutar y dar sentido a esa experiencia |
| 534 ## - • Nota De Versión Original |
| Edition statement of original |
The reading environment |
| 650 14 - • PUNTO DE ACCESO ADICIONAL DE MATERIA - TÉRMINO DE MATERIA |
| Fuente del encabezamiento o término |
LEMB |
| Término de materia o nombre geográfico como elemento inicial |
Amenidad literaria |
| 650 14 - • PUNTO DE ACCESO ADICIONAL DE MATERIA - TÉRMINO DE MATERIA |
| Fuente del encabezamiento o término |
LEMB |
| Término de materia o nombre geográfico como elemento inicial |
Libros y lectura para jóvenes |
| 650 14 - • PUNTO DE ACCESO ADICIONAL DE MATERIA - TÉRMINO DE MATERIA |
| Fuente del encabezamiento o término |
LEMB |
| Término de materia o nombre geográfico como elemento inicial |
Promoción de la lectura |
| 650 14 - • PUNTO DE ACCESO ADICIONAL DE MATERIA - TÉRMINO DE MATERIA |
| Fuente del encabezamiento o término |
LEMB |
| Término de materia o nombre geográfico como elemento inicial |
Libros y lectura |
| 650 14 - • PUNTO DE ACCESO ADICIONAL DE MATERIA - TÉRMINO DE MATERIA |
| Fuente del encabezamiento o término |
LEMB |
| Término de materia o nombre geográfico como elemento inicial |
Literatura infantil |
| Subdivisión de materia general |
Historia y crítica |
| 650 14 - • PUNTO DE ACCESO ADICIONAL DE MATERIA - TÉRMINO DE MATERIA |
| Fuente del encabezamiento o término |
LEMB |
| Término de materia o nombre geográfico como elemento inicial |
Libros y lectura para niños |
| 700 10 - • PUNTO DE ACCESO ADICIONAL - NOMBRE DE PERSONA |
| Nombre de persona |
Tamarit Amieva, Ana |
| Término indicativo de función |
traductora |
| 740 ## - • PUNTO DE ACCESO ADICIONAL - TÍTULO RELACIONADO O ANALÍTICO NO CONTROLADO |
| Título relacionado o analítico no controlado |
Los inicios de "Dime" \\ Tres situaciones compartidas \\ Cuatro modos de habla \\ {BF}Son críticos los niños? \\ Los niños como críticos \\ Comunicar honorablemente \\ {BF}Por qué "Dime"? -- \\ {BF}Que significa? \\ {BF}Cómo lo sabes? \\ La lectura del te |
| 942 ## - ENTRADA DE ELEMENTOS AGREGADOS (KOHA) |
| Fuente de clasificaión o esquema |
Dewey Decimal Classification |
| Koha [por defecto] tipo de item |
LIbro |